[Event "Hofheim Spring op-B 6th"]
[Site "Hofheim"]
[Date "2018.04.06"]
[Round "7"]
[White "Seepe, Uwe"]
[Black "Hipler, Andreas"]
[Result "1/2-1/2"]
[WhiteElo "1694"]
[BlackElo "1885"]
[PlyCount "118"]
[EventDate "2018.04.03"]
[EventType "swiss"]
[EventRounds "9"]
[EventCountry "GER"]
[SourceTitle "EXT 2020"]
[Source "ChessBase"]
[SourceDate "2019.10.17"]
[SourceVersion "1"]
[SourceVersionDate "2019.10.17"]
[SourceQuality "1"]

1. d4 Nf6 2. Nf3 e6 3. e3 b6 4. Bd3 Bb7 5. b3 Bb4+ 6. c3 Be7 7. Nbd2 d6 8. Qc2 Nbd7 9. 0-0 0-0 10. a4 a5 11. Ba3 h6 12. e4 e5 13. dxe5 Nxe5 14. Nxe5 dxe5 15. Bxe7 Qxe7 16. f3 Rfd8 17. Rad1 Nd7 18. Nc4 Nc5 19. Be2 Ne6 20. g3 Kf8 21. Kg2 Qc5 22. Rxd8+ Rxd8 23. Rd1 f6 24. Rxd8+ Nxd8 25. Qd3 Ke7 26. Ne3 Bc8 27. Nd5+ Ke8 28. Qb5+ Qxb5 29. Nxc7+ Kd7 30. Nxb5 Ba6 31. f4 Bxb5 32. Bxb5+ Kd6 33. Kf3 Ne6 34. Bc4 Nf8 35. b4 g6 36. fxe5+ Kxe5 37. Bf7 f5 38. exf5 Kxf5 39. bxa5 bxa5 40. Be8 g5 41. c4 Ke5 42. c5 Ne6 43. c6 Nc7 44. Kg4 Nxe8 45. Kh5 Kd6 46. Kxh6 Kxc6 47. Kxg5 Nd6 48. h4 Ne4+ 49. Kf4 Nf6 50. g4 Kd6 51. h5 Ke6 52. Kg5 Kf7 53. Kf5 Nd5 54. g5 Ne7+ 55. Ke5 Kg7 56. Ke6 Nc8 57. Kd5 Nb6+ 58. Kc5 Nxa4+ 59. Kb5 Nc3+ 1/2-1/2

[Event "Hofheim Spring op-B 6th"]
[Site "Hofheim"]
[Date "2018.04.03"]
[Round "1"]
[White "Kramer, Wolfgang"]
[Black "Seepe, Uwe"]
[Result "1-0"]
[WhiteElo "1972"]
[BlackElo "1694"]
[PlyCount "77"]
[EventDate "2018.04.03"]
[EventType "swiss"]
[EventRounds "9"]
[EventCountry "GER"]
[SourceTitle "EXT 2020"]
[Source "ChessBase"]
[SourceDate "2019.10.17"]
[SourceVersion "1"]
[SourceVersionDate "2019.10.17"]
[SourceQuality "1"]

1. e4 e5 2. f4 exf4 3. Bc4 Nf6 4. Nc3 Bb4 5. Nge2 Nc6 6. 0-0 Ne5 7. Bb3 Bxc3 8. Nxc3 0-0 9. d4 Ng6 10. g3 d6 11. gxf4 Be6 12. f5 Bxb3 13. axb3 Ne7 14. Bg5 c6 15. Qe1 h6 16. Bxf6 gxf6 17. Qh4 Kh7 18. Qxf6 Ng8 19. Qxd8 Rfxd8 20. Kf2 Nf6 21. Kf3 a6 22. Rad1 Nd7 23. Kf4 f6 24. Ne2 Rg8 25. Rg1 Rxg1 26. Rxg1 Re8 27. Kf3 Re7 28. Nf4 Nf8 29. b4 Rg7 30. Rxg7+ Kxg7 31. Ne6+ Nxe6 32. fxe6 d5 33. exd5 cxd5 34. b3 b5 35. Kg4 Kf8 36. Kf5 Ke7 37. h3 h5 38. h4 Ke8 39. Kxf6 1-0

[Event "Heusenstamm Sparkassen op-A 4th"]
[Site "Heusenstamm"]
[Date "2017.11.26"]
[Round "6"]
[White "Seepe, Uwe"]
[Black "Khamenya, Vitalia"]
[Result "1/2-1/2"]
[WhiteElo "1662"]
[BlackElo "1913"]
[PlyCount "38"]
[EventDate "2017.11.23"]
[EventType "swiss"]
[EventRounds "7"]
[EventCountry "GER"]
[SourceTitle "EXT 2019"]
[Source "ChessBase"]
[SourceDate "2018.10.10"]
[SourceVersion "1"]
[SourceVersionDate "2018.10.10"]
[SourceQuality "1"]

1. d4 d5 2. Nf3 e6 3. e3 Bd6 4. Bd3 f5 5. 0-0 Nf6 6. b3 0-0 7. Ba3 Bxa3 8. Nxa3 Bd7 9. Rc1 c6 10. Nb1 Kh8 11. Nbd2 Ne4 12. c4 Be8 13. Ne5 Nd7 14. Nxd7 Qxd7 15. Nf3 Rf6 16. Ne5 Qe7 17. f4 Rh6 18. Bxe4 fxe4 19. Qe1 Bh5 1/2-1/2

[Event "Vellmar op 9th"]
[Site "Vellmar"]
[Date "2017.07.13"]
[Round "1"]
[White "Schnegelsberg, Karl Heinz"]
[Black "Seepe, Uwe"]
[Result "1-0"]
[WhiteElo "1973"]
[BlackElo "1662"]
[PlyCount "81"]
[EventDate "2017.07.13"]
[EventType "swiss"]
[EventRounds "7"]
[EventCountry "GER"]
[SourceTitle "CBM 179 Extra"]
[Source "ChessBase"]
[SourceDate "2017.08.23"]
[SourceVersion "1"]
[SourceVersionDate "2017.08.23"]
[SourceQuality "1"]

1. Nf3 Nc6 2. e4 e5 3. Be2 Nf6 4. d3 d5 5. Nbd2 Bd6 6. 0-0 Bg4 7. c3 Qd7 8. a4 0-0 9. a5 Ne7 10. Re1 Ng6 11. exd5 Nxd5 12. Nc4 Ndf4 13. Bf1 Rae8 14. h3 Bh5 15. g4 Bxg4 16. hxg4 Qxg4+ 17. Kh1 Re6 18. Nh2 Qh4 19. Be3 h5 20. Qf3 f5 21. Nxd6 cxd6 22. Bxa7 e4 23. Qg3 Qe7 24. Qe3 exd3 25. Qd2 Ne2 26. Qxd3 Ngf4 27. Qf3 h4 28. Be3 Ng1 29. Qxf4 g5 30. Qxg5+ Qxg5 31. Bxg5 Rg6 32. Bf4 Kh8 33. Bxd6 Rxd6 34. Kxg1 Rg6+ 35. Kh1 Rd8 36. Rad1 Rdg8 37. Bh3 f4 38. Re6 R6g7 39. Rh6+ Rh7 40. Rxh7+ Kxh7 41. Ng4 1-0

[Event "Lueneburg op-B"]
[Site "Lueneburg"]
[Date "2015.08.18"]
[Round "4"]
[White "Hoffmann, Daniela"]
[Black "Seepe, Uwe"]
[Result "0-1"]
[WhiteElo "1434"]
[BlackElo "1777"]
[PlyCount "110"]
[EventDate "2015.08.15"]
[EventType "swiss"]
[EventRounds "9"]
[EventCountry "GER"]
[SourceTitle "EXT 2016"]
[Source "ChessBase"]
[SourceDate "2015.10.08"]
[SourceVersion "1"]
[SourceVersionDate "2015.10.08"]
[SourceQuality "1"]

1. d4 d5 2. Nf3 Nf6 3. e3 Bg4 4. Nbd2 e6 5. Be2 Bd6 6. Ne5 Bxe2 7. Qxe2 0-0 8. 0-0 c5 9. c3 Nc6 10. f4 Ne7 11. b3 cxd4 12. cxd4 Rc8 13. Ng4 Nxg4 14. Qxg4 Rc2 15. Nf3 Qa5 16. Ne5 f6 17. Qxe6+ Kh8 18. Nf7+ Rxf7 19. Qxf7 Bb4 20. Rf2 Rc7 21. h4 Ng8 22. Qh5 Be1 23. Rf1 Bc3 24. b4 Qxb4 25. a3 Qb3 26. Bb2 Bxb2 27. Rab1 Qxe3+ 28. Kh1 Qxd4 29. Rbe1 g6 30. Qe2 Re7 31. Qd1 Rxe1 32. Qxe1 Bxa3 33. Qe8 Qe4 34. Qf7 d4 35. h5 Qe7 36. hxg6 Qxf7 37. gxf7 Nh6 38. Ra1 Bf8 39. Rxa7 b5 40. Ra8 Kg7 41. Kg1 Nxf7 42. g4 Bd6 43. f5 b4 44. Ra1 d3 45. Kf2 Be5 46. Rb1 Bc3 47. Ke3 Ne5 48. Kf4 d2 49. Ke3 Nc4+ 50. Ke4 Nb2 51. Kd5 d1Q+ 52. Rxd1 Nxd1 53. g5 b3 54. Ke6 b2 55. gxf6+ Bxf6 0-1

[Event "Lueneburg op-B"]
[Site "Lueneburg"]
[Date "2015.08.18"]
[Round "4"]
[White "Seepe, Uwe"]
[Black "Raedisch, Peter"]
[Result "1-0"]
[WhiteElo "1777"]
[BlackElo "1682"]
[PlyCount "135"]
[EventDate "2015.08.15"]
[EventType "swiss"]
[EventRounds "9"]
[EventCountry "GER"]
[SourceTitle "EXT 2016"]
[Source "ChessBase"]
[SourceDate "2015.10.08"]
[SourceVersion "1"]
[SourceVersionDate "2015.10.08"]
[SourceQuality "1"]

1. e4 e5 2. Nf3 Nc6 3. Bb5 Bc5 4. 0-0 Qe7 5. c3 a6 6. Bxc6 dxc6 7. Nxe5 Bxf2+ 8. Rxf2 Qxe5 9. d4 Qe7 10. b3 Be6 11. Ba3 Qg5 12. Nd2 0-0-0 13. Nf3 Qg4 14. Qd3 Nf6 15. Re1 Qh5 16. Rfe2 h6 17. c4 Kb8 18. Qc3 Bg4 19. d5 Bxf3 20. gxf3 cxd5 21. cxd5 Qh3 22. Qe3 Rhe8 23. f4 Qh5 24. Qg3 g5 25. f5 Nxd5 26. Bc1 Nf6 27. Bb2 Nd5 28. Bc1 Nb4 29. Qc3 Nc6 30. Kg2 Rd1 31. Qh3 Qxh3+ 32. Kxh3 Rdd8 33. Bb2 Ne5 34. Bxe5 Rxe5 35. Kg4 Rd3 36. h4 f6 37. hxg5 hxg5 38. Rh1 Ka7 39. Rh6 Rd6 40. Kf3 Kb6 41. Ke3 Rc5 42. Kf3 Kb5 43. Kg4 Re5 44. Kf3 a5 45. Ke3 b6 46. Rc2 Rc5 47. Re2 Rc3+ 48. Kf2 Rcd3 49. e5 fxe5 50. Rxe5+ R6d5 51. Rxd5+ Rxd5 52. f6 c5 53. Kg3 Rf5 54. Kg4 Rf2 55. Kxg5 a4 56. bxa4+ Kxa4 57. Rh4+ Ka3 58. Rf4 Rg2+ 59. Kf5 Rg8 60. Rf2 c4 61. Ke6 Rf8 62. Ke7 Rxf6 63. Kxf6 b5 64. Ke5 b4 65. Kd4 b3 66. axb3 cxb3 67. Kc3 Ka4 68. Rb2 1-0

[Event "Lueneburg op-A"]
[Site "Lueneburg"]
[Date "2015.08.15"]
[Round "1"]
[White "Seepe, Uwe"]
[Black "Gomolla, Peter"]
[Result "0-1"]
[WhiteElo "1777"]
[BlackElo "2201"]
[PlyCount "98"]
[EventDate "2015.08.15"]
[EventType "swiss"]
[EventRounds "9"]
[EventCountry "GER"]
[SourceTitle "EXT 2016"]
[Source "ChessBase"]
[SourceDate "2015.10.08"]
[SourceVersion "1"]
[SourceVersionDate "2015.10.08"]
[SourceQuality "1"]

1. e4 e5 2. Nf3 Nf6 3. Nc3 Bb4 4. Nxe5 0-0 5. d3 Re8 6. Nf3 d5 7. Bd2 Bxc3 8. Bxc3 dxe4 9. dxe4 Qxd1+ 10. Rxd1 Nxe4 11. Be2 Nxc3 12. bxc3 Nc6 13. Nd4 Nxd4 14. cxd4 Bf5 15. Rd2 c5 16. Kd1 cxd4 17. Bd3 Bxd3 18. Rxd3 Rad8 19. Re1 Kf8 20. Rxe8+ Kxe8 21. Ra3 a6 22. Kd2 Rd6 23. Rb3 b5 24. Rb4 Rh6 25. h3 Rf6 26. Ke1 Rc6 27. Kd2 Rc4 28. a3 Ke7 29. Rb3 Ke6 30. Rg3 g6 31. Rg4 Ke5 32. Rg3 f5 33. h4 Kf6 34. Rf3 Ke6 35. Rg3 Ra4 36. f4 Kf6 37. Rb3 Ke6 38. g3 Kd5 39. Kd3 Rc4 40. Kd2 Ke4 41. Rd3 a5 42. Rb3 b4 43. axb4 axb4 44. Rb1 Rc3 45. Rxb4 Rxg3 46. Rb7 h5 47. Rb4 Rg2+ 48. Kc1 Ke3 49. Kb2 d3 0-1